| 000 | 01048cam a22003015a 4500 | ||
|---|---|---|---|
| 999 |
_c6127 _d6127 |
||
| 003 | EG-ScBUE | ||
| 005 | 20191217133250.0 | ||
| 006 | a|||||r|||| 00| 0 | ||
| 008 | 100920r19991998enk f d 000 0 eng d | ||
| 020 | _a055014000X | ||
| 020 | _a0550140050 | ||
| 020 | _a9780550140005 | ||
| 040 |
_aEG-ScBUE _beng _erda _cEG-ScBUE _dEG-ScBUE |
||
| 082 | 0 | 4 |
_a423 _bCHA _222 |
| 245 | 0 | 4 | _aThe Chambers dictionary. |
| 250 | _aReprint edition. | ||
| 264 | 1 |
_aEdinburgh : _bChambers Harrap Publishers Ltd, _c1999. |
|
| 300 |
_axxxi, 1984 pages ; _c26 cm |
||
| 336 |
_2rdacontent _atext _btxt |
||
| 337 |
_2rdamedia _aunmediated _bn |
||
| 338 |
_2rdacarrier _avolume _bnc |
||
| 520 | _aThis edition is aimed at people who pride themselves on their knowledge and use of language, and for those who want a single volume dictionary that gives both modern and historical meanings. | ||
| 590 | _aAsmaa mohamed | ||
| 650 | 7 |
_aEnglish language _vDictionaries. _2BUEsh |
|
| 653 |
_bHHUUEENN _cSeptember2018 |
||
| 655 | _vReading book | ||
| 942 |
_2ddc _cREFERENCE |
||